Sociedad y teoría de sistemas

Este libro presenta la teoría de los sistemas sociales en sus distintas variantes, desde su inicio hasta los últimos avances realizados por Niklas Luhmann en Alemania.

Gardado en:
Detalles Bibliográficos
Autor Principal: Rodríguez, Darío
Outros autores: Arnold, Marcelo
Formato: Libro
Idioma:Spanish
Publicado: Santiago de Chile: Editorial Universitaria, 1992
Edición:2 ed.
Series:Colección el saber y la cultura
Subjects:
Acceso en liña:Enlace del recurso
Tags: Engadir etiqueta
Sen Etiquetas, Sexa o primeiro en etiquetar este rexistro!

MARC

LEADER 00000nam a2200000 a 4500
001 000628
008 030325s1992 cl a fr# #000|0#spa#d
020 |a 956-11-0762-6 
041 0 |a spa 
043 |a s-cl-- 
082 0 4 |a 300  |b R526s 
100 1 |a Rodríguez, Darío 
245 1 0 |a Sociedad y teoría de sistemas   |c Darío Rodríguez, Marcelo Arnold 
250 |a 2 ed. 
260 |a Santiago de Chile:  |b Editorial Universitaria,  |c 1992 
300 |a 198 p.:  |b il. 
440 0 |a Colección el saber y la cultura 
504 |a Incluye bibliografía. 
520 3 |a Este libro presenta la teoría de los sistemas sociales en sus distintas variantes, desde su inicio hasta los últimos avances realizados por Niklas Luhmann en Alemania. 
650 1 4 |a CIENCIAS SOCIALES 
650 1 4 |a SOCIOLOGÍA 
700 1 |a Arnold, Marcelo 
999 |c 2780  |d 2780 
856 |u https://catalogo.idep.edu.co/cgi-bin/koha/opac-detail.pl?biblionumber=2780  |z Enlace del recurso